Mejoramientos al Código Civil de Chile.
Guardat en:
| Autor principal: | |
|---|---|
| Format: | Llibre |
| Idioma: | anglès |
| Publicat: |
Santiago, Chile:
Ediciones Jurídicas "La Ley",
1995.
|
| Col·lecció: | Manuales Universitarios.
|
| Matèries: | |
| Etiquetes: |
Afegir etiqueta
Sense etiquetes, Sigues el primer a etiquetar aquest registre!
|
MARC
| LEADER | 00000nam a22000007a 4500 | ||
|---|---|---|---|
| 003 | CL-VaPUC | ||
| 005 | 20220822114744.0 | ||
| 008 | 220728t1995 ||||| |||| 00| 0 eng d | ||
| 999 | |c 437739 |d 437737 | ||
| 040 | |c Pontificia Universidad Católica de Valparaíso | ||
| 082 | |2 22 |a 346.83 CAR 1995 | ||
| 100 | |9 296498 |a Carvallo Soto, Jaime |e autor | ||
| 245 | |a Mejoramientos al Código Civil de Chile. | ||
| 260 | |a Santiago, Chile: |b Ediciones Jurídicas "La Ley", |c 1995. | ||
| 300 | |a 442 páginas. | ||
| 490 | |a Manuales Universitarios. | ||
| 500 | |a c.1 Donación Familia Prof. Alejandro Guzmán Brito. | ||
| 583 | |c 20220728 |k Yessy Sthefany Diaz Vidal | ||
| 650 | 0 | |9 255013 |a Derecho civil |z Chile | |
| 650 | 0 | |9 256135 |a Código civil |z Chile | |
| 942 | |2 ddc |c BK |n 0 | ||
| 952 | |0 0 |1 0 |2 ddc |4 0 |6 346_830000000000000_CAR_1995 |7 0 |8 C_AGB |9 585536 |a BIBDER |b BIBDER |d 2022-07-28 |e Donación |i 5653556 |o 346.83 CAR 1995 |p 5653556 |r 2023-01-25 |t 1 |w 2022-07-28 |y BK_US |k AGB | ||